15 principales países con muertes de Covid-19 - 21 julio 2021 - Estadísticas

Estadísticas generales
  • Esta prueba ha sido intentada 5 veces
  • La puntuación promedio es 18 de 25
Estadísticas de respuestas
país % Correcto
Alemania
100%
Bélgica
100%
Brasil
100%
Colombia
100%
Estados Unidos
100%
India
100%
Italia
100%
Perú
100%
Reino Unido
100%
Argentina
80%
Francia
80%
México
80%
Rusia
80%
Bosnia y Herzegovina
60%
Eslovaquia
60%
España
60%
Hungría
60%
Indonesia
60%
Irán
60%
Chequia
40%
Eslovenia
40%
Macedonia del Norte
40%
Bulgaria
20%
Croacia
20%
Paraguay
20%
No se encontraron pruebas coincidentes
Distribución de puntuación
Porcentaje de gente con cada puntuación
Porcentaje por número respondido
Historial de tus puntuaciones
No has intentado esta prueba.